000 00325nam a22001337a 4500
008 170906b xxu||||| |||| 00| 0 eng d
020 _a9781585035076
041 _aeng
080 _a72
100 _a41
101 _aARK
245 _aRESIDENTIAL DESIGN USING AUTODESK REVIT ARCHITECTURE 2010
_cSTINE.D.J
942 _2udc
_cBK
999 _c26268
_d26268